Meetong the thrid world challenge (Record no. 1450491)

MARC details
000 -LEADER
fixed length control field 00636nam a2200217Ia 4500
005 - DATE AND TIME OF LATEST TRANSACTION
control field 20250923145350.0
008 - FIXED-LENGTH DATA ELEMENTS--GENERAL INFORMATION
fixed length control field 008 250917s9999 xx 000 0 eng d
037 ## - SOURCE OF ACQUISITION
Stock number Textual
040 ## - CATALOGING SOURCE
Original cataloging agency DSWL
Language of cataloging eng
Transcribing agency DSWL
041 ## - LANGUAGE CODE
Language code of text/sound track or separate title eng
Source of code eng
084 ## - COLON CLASSIFICATION NUMBER
Classification number X.1(Y:434), N76
Assigning agency DSWL
100 ## - MAIN ENTRY--PERSONAL NAME
Personal name Macbean, A.I.
9 (RLIN) 834527
245 #0 - TITLE STATEMENT
Title Meetong the thrid world challenge
Statement of responsibility, etc. by A.I. Macbean
260 ## - PUBLICATION, DISTRIBUTION, ETC.
Place of publication, distribution, etc. London
Name of publisher, distributor, etc. The Macmillan Press
Date of publication, distribution, etc. 1976
300 ## - PHYSICAL DESCRIPTION
Extent xvi,272 p.
365 ## - TRADE PRICE
Price type code INR
Price amount 144 . 0
700 ## - ADDED ENTRY--PERSONAL NAME
Personal name V.N. Balasubramanyan
9 (RLIN) 834528
925 ## -
-- 144 . 0
942 ## - ADDED ENTRY ELEMENTS (KOHA)
Koha item type Textual
Classification part X.1(Y:434), N76
Holdings
Withdrawn status Lost status Damaged status Not for loan Home library Current library Date acquired Source of acquisition Inventory number Total Checkouts Full call number Barcode Date last seen Price effective from Koha item type
        Department of Social Work Library Department of Social Work Library 2025-09-23 International Book Distributors 2394 05/03/1977   X.1(Y:434), N76 SW0017857 2025-09-23 2025-09-23 Textual
Copyright @ Delhi University Library System